Top 20 backcourts in the NBA 2022 - Statistics

General Stats
  • This quiz has been taken 47 times
  • The average score is 19 of 20
Answer Stats
# Hint Answer % Correct
8 Trailblazers Damian Lillard
100%
6 Suns Devin Booker
100%
14 Jazz Donovan Mitchell
100%
4 76ers James Harden
100%
3 Grizzlies Ja Morant
100%
5 Nets Kyrie Irving
100%
2 Mavericks Luka Doncic
100%
1 Warriors Stephen Curry
100%
9 Hawks Trae Young
100%
7 Suns Chris Paul
98%
16 Spurs Dejounte Murray
98%
19 Nuggets Jamal Murray
98%
12 Thunder Shai Gilgeous-Alexander
98%
11 Bulls Zach LaVine
98%
15 Wizards Bradley Beal
95%
18 Hornets LaMelo Ball
93%
13 Cavaliers Darius Garland
91%
10 Clippers Paul George
91%
20 Heat Tyler Herro
91%
17 Pelicans C.J McCollum
70%
No matching quizzes found
Score Distribution
Percent of People with Each Score
Percentile by Number Answered
Your Score History
You have not taken this quiz